Shakira: Complete Discography - Statistics

General Stats
  • This quiz has been taken 85 times
    3 since last reset
  • The average score is 75 of 167
Answer Stats
Album Song % Correct
Sal el Sol Addicted to You
100%
Pies Descalzos Antología
100%
El Dorado Chantaje
100%
Dónde Están los Ladrones? Ciega, Sordomuda
100%
Dónde Están los Ladrones? Dónde Están los Ladrones?
100%
Oral Fixation, Vol. 2 Hips Don't Lie
100%
Dónde Están los Ladrones? Inevitable
100%
El Dorado La Bicicleta
100%
Fijación Oral, Vol. 1 Las de la Intuición
100%
Sal el Sol Loca
100%
El Dorado Me Enamoré
100%
Dónde Están los Ladrones? Moscas en la Casa
100%
Fijación Oral, Vol. 1 No
100%
Dónde Están los Ladrones? No Creo
100%
Dónde Están los Ladrones? Octavo Día
100%
Dónde Están los Ladrones? Ojos Así
100%
El Dorado Perro Fiel
100%
She Wolf She Wolf / Loba
100%
Dónde Están los Ladrones? Si Te Vas
100%
Dónde Están los Ladrones? Sombra de Ti
100%
Las Mujeres Ya No Lloran TQG
100%
Dónde Están los Ladrones?
100%
Singles Waka Waka / This Time for Africa
100%
Peligro 1968
50%
Shakira 23
50%
Las Mujeres Ya No Lloran Acróstico
50%
El Dorado Amarillo
50%
Oral Fixation, Vol. 2 Animal City
50%
Sal el Sol Antes de las Seis
50%
Duets / Collaborations Beautiful Liar
50%
Shakira Broken Record
50%
Peligro Brujería
50%
Las Mujeres Ya No Lloran Bzrp Music Sessions, Vol. 53
50%
Shakira Can't Remember to Forget You
50%
Shakira (Bonus) Chasing Shadows
50%
Duets / Collaborations Choka Choka
50%
El Dorado Coconut Tree
50%
Las Mujeres Ya No Lloran Cohete
50%
Las Mujeres Ya No Lloran Cómo Dónde y Cuándo
50%
Las Mujeres Ya No Lloran Copa Vacía
50%
Oral Fixation, Vol. 2 Costume Makes the Clown
50%
Shakira Cut Me Deep
50%
Duets / Collaborations Dai Dai
50%
Shakira Dare (La La La)
50%
El Dorado Deja vu
50%
Sal el Sol Devoción
50%
Fijación Oral, Vol. 1 Día de Enero
50%
Fijación Oral, Vol. 1 Día Especial
50%
She Wolf Did It Again / Lo Hecho Está Hecho
50%
Pies Descalzos ¿Dónde Estás Corazón?
50%
Oral Fixation, Vol. 2 Don't Bother
50%
Oral Fixation, Vol. 2 Dreams for Plans
50%
Las Mujeres Ya No Lloran El Jefe
50%
Shakira Empire
50%
Las Mujeres Ya No Lloran (Entre Paréntesis)
50%
Fijación Oral, Vol. 1 En Tus Pupilas
50%
Peligro Eres
50%
Fijación Oral, Vol. 1 Escondite Inglés
50%
Pies Descalzos Estoy Aquí
50%
Laundry Service Fool
50%
Magia Gafas Oscuras
50%
Singles Girl Like Me
50%
She Wolf (Bonus) Give It Up to Me
50%
She Wolf Good Stuff
50%
Sal el Sol Gordita
50%
She Wolf Gypsy / Gitana
50%
Oral Fixation, Vol. 2 Hey You
50%
Oral Fixation, Vol. 2 How Do You Do
50%
Oral Fixation, Vol. 2 (Bonus) Illegal
50%
Sal el Sol Islands
50%
Features King and Queen
50%
Las Mujeres Ya No Lloran La Fuerte
50%
Fijación Oral, Vol. 1 La Pared
50%
Fijación Oral, Vol. 1 La Tortura
50%
Fijación Oral, Vol. 1 Lo Imprescindible
50%
She Wolf Long Time
50%
Sal el Sol Lo Que Más
50%
Magia Magia
50%
Sal el Sol Mariposas
50%
Shakira Medicine
50%
She Wolf Men in This Town
50%
She Wolf Mon Amour
50%
Las Mujeres Ya No Lloran Monotonía
50%
El Dorado Nada
50%
Las Mujeres Ya No Lloran Nassau
50%
Shakira Nunca Me Acuerdo de Olvidarte
50%
Laundry Service Objection / Te Aviso, Te Anuncio
50%
Fijación Oral, Vol. 1 Obtener un Sí
50%
Peligro Peligro
50%
Pies Descalzos Pienso en Ti
50%
Pies Descalzos Pies Descalzos, Sueños Blancos
50%
Laundry Service Poem to a Horse
50%
Las Mujeres Ya No Lloran Puntería
50%
Singles Pure Intuition
50%
Laundry Service Que Me Quedes Tú
50%
Dónde Están los Ladrones? Que Vuelvas
50%
Pies Descalzos Quiero
50%
Peligro Quince Años
50%
Sal el Sol Rabiosa
50%
Laundry Service Ready for the Good Times
50%
Laundry Service Rules
50%
Sal el Sol Sale el Sol
50%
Pies Descalzos Se Quiere, Se Mata
50%
Oral Fixation, Vol. 2 Something
50%
She Wolf Spy
50%
Laundry Service Te Dejo Madrid
50%
Pies Descalzos Te Espero Sentada
50%
Las Mujeres Ya No Lloran Te Felicito
50%
Pies Descalzos Te Necesito
50%
Oral Fixation, Vol. 2 The Day and the Time
50%
Laundry Service The One
50%
Shakira The One Thing
50%
Las Mujeres Ya No Lloran Tiempo Sin Verte
50%
Oral Fixation, Vol. 2 Timor
50%
El Dorado Toneladas
50%
El Dorado Trap
50%
Sal el Sol Tu Boca
50%
Las Mujeres Ya No Lloran Última
50%
Laundry Service Underneath Your Clothes
50%
Pies Descalzos Un Poco de Amor
50%
Pies Descalzos Vuelve
50%
El Dorado What We Said
50%
El Dorado When a Woman
50%
Laundry Service Whenever, Wherever / Suerte
50%
She Wolf Why Wait / Años Luz
50%
Shakira You Don't Care About Me
50%
Oral Fixation, Vol. 2 Your Embrace
50%
Duets / Collaborations Algo Tú
0%
Soundtracks Amor (Celos de ti)
0%
Singles Ask for More
0%
Duets / Collaborations Bésame
0%
Magia Cazador de Amor
0%
Singles Clandestino
0%
El Dorado Comme moi
0%
Peligro Controlas Mi Destino
0%
Magia Cuentas Conmigo
0%
Features Dançando
0%
Soundtracks Despedida
0%
Singles Don't Wait Up
0%
Singles Don't You Worry
0%
Duets / Collaborations El Último Adiós / The Last Goodbye
0%
Magia Esta Noche Voy Contigo
0%
Peligro Este Amor Es Lo Más Bello del Mundo
0%
Peligro Eterno Amor
0%
Soundtracks Hay Amores
0%
Singles Knock on My Door
0%
Features La Maza
0%
Magia Lejos de tu Amor
0%
Shakira Loca por Ti
0%
Singles Me Gusta
0%
Magia Necesito de Ti
0%
Singles Pide Más
0%
Singles Pídeme el Sol
0%
Oral Fixation, Vol. 2 Será, Será (Las Caderas no Mienten)
0%
Duets / Collaborations Sing
0%
Features Si Tú No Vuelves
0%
Singles Soltera
0%
Shakira Spotlight
0%
Magia Sueños
0%
Features Te Lo Agradezco, Pero No
0%
Shakira (Bonus) That Way
0%
Soundtracks Todos Juntos
0%
Soundtracks Try Everything
0%
Peligro Tú Serás la Historia de Mi Vida
0%
Peligro Último Momento
0%
Singles Unavoidable
0%
Soundtracks Zoo
0%
No matching quizzes found
Score Distribution
Percent of People with Each Score
Percentile by Number Answered
Your Score History
You have not taken this quiz since the last reset